000 00834nam a22002537a 4500
999 _c13547
_d13547
003 MIRAKIL
005 20211214000616.0
008 191017b tu ||||| |||| 00| 0 tur d
020 _a9754311145
040 _aTR-AnCHP
_cTR-AnCHP
041 _atur
082 _a956.103
_bT86y 2001
100 _aTurhan, Talat
245 1 0 _a27 Mayıs 1960'tan 28 Şubat 1997'ye :
_bdevrimci bir kurmay subay'ın etkinlikleri /
_cTalat Turhan.
250 _a3 bs.
260 _aİstanbul:
_bSorun Yayınları,
_c2001.
_fDoyuran Matbaası.
300 _a428 s.:
_bfotg.;
_c20 sm.
490 0 _aEmperyalizmin gizli örgütleri dizisi ;
_v7.
600 0 _96026
_aTurhan, Talat
_xAnılar
650 0 _aSiyaset ve yönetim
_xTürkiye
_y1960-
_99
650 0 _95221
_aOrdu ve siyaset
_xTürkiye
650 0 _9333
_aDarbeler
_xTürkiye
942 _2ddc
_cBKS